[Event "Provincial-ch Xeraco Preferente"]
[Site "Xeraco"]
[Date "2014.09.27"]
[Round "1.7"]
[White "Frances Saez, Juan Vicente"]
[Black "Garcia Requena, Joan"]
[Result "1/2-1/2"]
[WhiteElo "1985"]
[BlackElo "1775"]
[PlyCount "56"]
[EventDate "2014.09.27"]
[EventType "swiss"]
[EventRounds "7"]
[EventCountry "ESP"]
[SourceTitle "EXT 2024"]
[Source "ChessBase"]
[SourceDate "2023.10.10"]
[SourceVersion "1"]
[SourceVersionDate "2023.10.10"]
[SourceQuality "1"]

1. e4 Nf6 2. e5 Nd5 3. d4 d6 4. Nf3 Bg4 5. Be2 c6 6. 0-0 Bxf3 7. Bxf3 dxe5 8. dxe5 e6 9. Qe2 Nd7 10. c4 N5b6 11. b3 Qc7 12. Bb2 Nc8 13. a4 Ne7 14. g3 Ng6 15. Re1 Bc5 16. Nd2 Rd8 17. Ne4 Bb4 18. Nd6+ Ke7 19. Red1 Ndxe5 20. Bxe5 Nxe5 21. Qxe5 Bxd6 22. Qxg7 Rdg8 23. Qh6 Bc5 24. Qh4+ f6 25. Rd3 Rd8 26. Rad1 Rxd3 27. Rxd3 Qe5 28. Qe4 Qxe4 1/2-1/2

[Event "Provincial-ch Valencia"]
[Site "Valencia"]
[Date "2012.11.24"]
[Round "7"]
[White "Pavia Miralles, Jose Manuel"]
[Black "Frances Saez, Juan Vicente"]
[Result "1-0"]
[WhiteElo "2186"]
[BlackElo "2048"]
[PlyCount "113"]
[EventDate "2012.10.06"]
[EventType "swiss"]
[EventRounds "7"]
[EventCountry "ESP"]
[SourceTitle "EXT 2024"]
[Source "ChessBase"]
[SourceDate "2023.10.10"]
[SourceVersion "1"]
[SourceVersionDate "2023.10.10"]
[SourceQuality "1"]

1. d4 Nf6 2. Nf3 g6 3. g3 Bg7 4. Bg2 0-0 5. 0-0 d6 6. Re1 c5 7. c3 Nc6 8. dxc5 dxc5 9. Qxd8 Rxd8 10. Be3 Nd7 11. Nbd2 Rb8 12. Bf4 Nde5 13. Nxe5 Bxe5 14. Be3 Na5 15. Nf3 Bd6 16. b3 b6 17. Bg5 Bb7 18. e4 Nc6 19. e5 Bc7 20. Re3 Re8 21. Rae1 Kg7 22. h4 h6 23. Bf4 Nd8 24. R3e2 Ne6 25. Bc1 b5 26. Bb2 Red8 27. Nd2 Bxg2 28. Kxg2 Bxe5 29. Ne4 c4 30. f4 Bd6 31. h5 Nc5 32. hxg6 Nd3 33. Rb1 Kxg6 34. Nxd6 exd6 35. Ba3 Re8 36. Kf3 Rxe2 37. Kxe2 d5 38. Ke3 Re8+ 39. Kd4 Rd8 40. Rh1 a5 41. Be7 Re8 42. Bh4 Re2 43. Kxd5 Rxa2 44. bxc4 bxc4 45. Kxc4 Nf2 46. Rb1 Ne4 47. Rb6+ Kf5 48. Kd4 Rd2+ 49. Ke3 Rd5 50. c4 Nd6 51. cxd5 Nc4+ 52. Kd4 Nxb6 53. Kc5 a4 54. Kxb6 a3 55. d6 a2 56. d7 a1Q 57. d8Q 1-0

[Event "Provincial-ch Valencia"]
[Site "Valencia"]
[Date "2012.10.27"]
[Round "3"]
[White "Frances Saez, Juan Vicente"]
[Black "Rubio Tent, Francisco"]
[Result "1/2-1/2"]
[WhiteElo "2048"]
[BlackElo "2111"]
[PlyCount "94"]
[EventDate "2012.10.06"]
[EventType "swiss"]
[EventRounds "7"]
[EventCountry "ESP"]
[SourceTitle "EXT 2024"]
[Source "ChessBase"]
[SourceDate "2023.10.10"]
[SourceVersion "1"]
[SourceVersionDate "2023.10.10"]
[SourceQuality "1"]

1. e4 c6 2. d4 d5 3. Nc3 dxe4 4. Nxe4 Bf5 5. Ng3 Bg6 6. h4 h6 7. h5 Bh7 8. Nf3 Nd7 9. Bd3 Bxd3 10. Qxd3 e6 11. Bd2 Ngf6 12. 0-0-0 Be7 13. Ne4 Nxe4 14. Qxe4 Nf6 15. Qe2 Qd5 16. c4 Qe4 17. Qxe4 Nxe4 18. Be3 Nd6 19. Ne5 Bf6 20. b3 Nf5 21. Nf3 0-0-0 22. g4 Nxe3 23. fxe3 Rhe8 24. e4 Kc7 25. Rhe1 a5 26. Kc2 b5 27. Rd3 a4 28. cxb5 axb3+ 29. Kxb3 cxb5 30. Rc1+ Kb6 31. a4 bxa4+ 32. Kxa4 Ra8+ 33. Kb3 Rec8 34. Rdc3 Rxc3+ 35. Rxc3 Ra1 36. Kc4 Ra2 37. Rb3+ Kc7 38. d5 exd5+ 39. Kxd5 Rg2 40. e5 Be7 41. Rc3+ Kd7 42. Rc4 Ra2 43. Nd4 Rd2 44. Ra4 Rd1 45. Ra7+ Ke8 46. Ke4 Re1+ 47. Kd5 Rd1 1/2-1/2

[Event "Provincial-ch Gandia Preferente"]
[Site "Valencia"]
[Date "2011.11.26"]
[Round "7"]
[White "Frances Saez, Juan Vicente"]
[Black "Company Sancho, Miguel"]
[Result "1-0"]
[WhiteElo "2070"]
[BlackElo "1935"]
[PlyCount "139"]
[EventDate "2011.10.01"]
[EventType "swiss"]
[EventRounds "7"]
[EventCountry "ESP"]
[SourceTitle "EXT 2024"]
[Source "ChessBase"]
[SourceDate "2023.10.10"]
[SourceVersion "1"]
[SourceVersionDate "2023.10.10"]
[SourceQuality "1"]

1. e4 e5 2. Nf3 Nc6 3. Bb5 a6 4. Ba4 Nf6 5. 0-0 Be7 6. Re1 b5 7. Bb3 d6 8. c3 Na5 9. Bc2 c5 10. d4 Qc7 11. Nbd2 0-0 12. h3 Bd7 13. Nf1 Rfe8 14. Bg5 h6 15. Be3 Bf8 16. d5 Nc4 17. Bc1 Nb6 18. Ne3 g6 19. g4 Nh7 20. Kh2 Qd8 21. Rg1 Ng5 22. b3 Qf6 23. Rg3 Rac8 24. Kg2 Be7 25. Nf5 Bxf5 26. gxf5 Nxf3 27. Qxf3 Kh7 28. fxg6+ fxg6 29. Qg4 Rf8 30. Be3 h5 31. Qe2 Qf7 32. Kh2 Bh4 33. Rg2 Qf3 34. Qxf3 Rxf3 35. Bd1 Rf7 36. Be2 Rcf8 37. f3 Nd7 38. a4 bxa4 39. Rxa4 Nb8 40. Bd2 Ra7 41. Rg1 Rff7 42. Kg2 Rfb7 43. b4 cxb4 44. cxb4 Rc7 45. Bd3 Bd8 46. Rga1 a5 47. Rxa5 Rxa5 48. Rxa5 Rb7 49. Ra8 Bb6 50. Ra2 Kg7 51. Rc2 Rc7 52. Rxc7+ Bxc7 53. Bb5 Kf7 54. Bg5 Bb6 55. Kf1 Bd4 56. Bd8 Bc3 57. Bc7 Bxb4 58. Bxb8 Ke7 59. Bc7 Bc5 60. Kg2 Be3 61. Kg3 Bd2 62. Bb6 Be1+ 63. Bf2 Bd2 64. Kg2 Bb4 65. Bh4+ Kf7 66. Bg5 Bc5 67. f4 exf4 68. Bxf4 Kf6 69. h4 Bb4 70. Be8 1-0

[Event "Provincial-ch Gandia Preferente"]
[Site "Valencia"]
[Date "2011.11.19"]
[Round "6"]
[White "Sala Espi, Antonio"]
[Black "Frances Saez, Juan Vicente"]
[Result "0-1"]
[WhiteElo "1699"]
[BlackElo "2070"]
[PlyCount "74"]
[EventDate "2011.10.01"]
[EventType "swiss"]
[EventRounds "7"]
[EventCountry "ESP"]
[SourceTitle "EXT 2024"]
[Source "ChessBase"]
[SourceDate "2023.10.10"]
[SourceVersion "1"]
[SourceVersionDate "2023.10.10"]
[SourceQuality "1"]

1. d4 Nf6 2. c4 g6 3. Nc3 Bg7 4. e4 d6 5. Nf3 0-0 6. Be2 Nbd7 7. Be3 e5 8. 0-0 c6 9. Nd2 d5 10. dxe5 Nxe5 11. Bd4 Nxe4 12. cxd5 Nxc3 13. Bxc3 Qxd5 14. f4 Nd3 15. Bxd3 Qxd3 16. Bxg7 Kxg7 17. Qe1 Qd4+ 18. Kh1 Bf5 19. b3 Rfe8 20. Qf2 Rad8 21. Nc4 Qxf2 22. Rxf2 Rd7 23. Ne5 Rde7 24. Kg1 f6 25. Nc4 Bd3 26. g4 Re1+ 27. Rxe1 Rxe1+ 28. Kg2 b5 29. Nd2 c5 30. Kg3 Re2 31. h3 Rxf2 32. Kxf2 Kf7 33. Ke3 Bc2 34. Ne4 Bxe4 35. Kxe4 Ke6 36. f5+ gxf5+ 37. gxf5+ Kd6 0-1

[Event "Provincial-ch Gandia Preferente"]
[Site "Valencia"]
[Date "2011.11.05"]
[Round "4"]
[White "Frances Saez, Juan Vicente"]
[Black "Moscardo Vaya, Salvador"]
[Result "1-0"]
[WhiteElo "2070"]
[BlackElo "1913"]
[PlyCount "51"]
[EventDate "2011.10.01"]
[EventType "swiss"]
[EventRounds "7"]
[EventCountry "ESP"]
[SourceTitle "EXT 2024"]
[Source "ChessBase"]
[SourceDate "2023.10.10"]
[SourceVersion "1"]
[SourceVersionDate "2023.10.10"]
[SourceQuality "1"]

1. e4 e5 2. Nf3 Nc6 3. Bb5 d6 4. d4 Bd7 5. Nc3 exd4 6. Nxd4 Nxd4 7. Qxd4 Bxb5 8. Nxb5 a6 9. Nc3 Ne7 10. Bf4 Nc6 11. Qd2 Be7 12. 0-0-0 Bf6 13. Nd5 Be5 14. Be3 0-0 15. f4 Bf6 16. g4 g6 17. h4 b6 18. h5 Na5 19. Bd4 Bxd4 20. Qxd4 f6 21. hxg6 hxg6 22. g5 c5 23. Qc3 Nc6 24. Qh3 Kf7 25. Qh7+ Ke8 26. Nc7+ 1-0

[Event "Provincial-ch Gandia Preferente"]
[Site "Valencia Gandia"]
[Date "2010.10.02"]
[Round "1"]
[White "Frances Saez, Juan Vicente"]
[Black "Bas Mas, Miguel"]
[Result "1-0"]
[WhiteElo "2078"]
[BlackElo "1843"]
[PlyCount "81"]
[EventDate "2010.10.02"]
[EventType "swiss"]
[EventRounds "7"]
[EventCountry "ESP"]
[SourceTitle "EXT 2024"]
[Source "ChessBase"]
[SourceDate "2023.10.10"]
[SourceVersion "1"]
[SourceVersionDate "2023.10.10"]
[SourceQuality "1"]

1. e4 c5 2. Nf3 e6 3. d4 cxd4 4. Nxd4 Nc6 5. Be3 Nf6 6. Nd2 d5 7. Bd3 Nxd4 8. Bxd4 dxe4 9. Nxe4 Be7 10. 0-0 0-0 11. c3 b6 12. Qf3 Bd7 13. Rad1 Rc8 14. Nxf6+ Bxf6 15. Bxf6 Qxf6 16. Qxf6 gxf6 17. Bxh7+ Kxh7 18. Rxd7 Ra8 19. Rfd1 Kg6 20. Rc7 Rfc8 21. Rxc8 Rxc8 22. Rd7 a5 23. Rb7 Rd8 24. Kf1 Rd6 25. Ke2 f5 26. a4 e5 27. b4 axb4 28. cxb4 f6 29. a5 bxa5 30. bxa5 Rd4 31. a6 Ra4 32. a7 f4 33. h4 e4 34. g4 Ra2+ 35. Kd1 f3 36. Re7 Ra6 37. Kd2 f5 38. Re6+ Rxe6 39. a8Q fxg4 40. Qg8+ Kf5 41. Qg5# 1-0

[Event "Valencia Provincial Sur"]
[Site "Valencia"]
[Date "2009.02.07"]
[Round "5.1"]
[White "Soler Ollero, Guillermo"]
[Black "Frances Saez, Juan Vicente"]
[Result "1/2-1/2"]
[WhiteElo "1695"]
[BlackElo "2114"]
[PlyCount "58"]
[EventDate "2009.01.10"]
[EventType "team-tourn"]
[EventRounds "5"]
[EventCountry "ESP"]
[SourceTitle "EXT 2011"]
[Source "ChessBase"]
[SourceDate "2010.11.26"]
[SourceVersion "1"]
[SourceVersionDate "2010.11.26"]
[SourceQuality "1"]

1. d4 Nf6 2. Bg5 e6 3. e4 h6 4. Bxf6 Qxf6 5. Nf3 g6 6. Bd3 Bg7 7. c3 d6 8. 0-0 Nd7 9. Qe2 0-0 10. Nbd2 Qe7 11. Rfe1 e5 12. Rad1 Nf6 13. dxe5 dxe5 14. Nc4 Nh5 15. Ne3 Nf4 16. Qc2 c6 17. b4 Be6 18. Bc4 Rfd8 19. Bxe6 Qxe6 20. a4 Bf6 21. Rxd8+ Rxd8 22. Rd1 Rxd1+ 23. Qxd1 Qa2 24. Kf1 Qb2 25. Qc2 Qa1+ 26. Nd1 Ne6 27. Ke2 Nf4+ 28. Kf1 Ne6 29. Ke2 Nf4+ 1/2-1/2

[Event "Valencia Provincial Sur"]
[Site "Valencia"]
[Date "2009.01.10"]
[Round "1.1"]
[White "Frances Saez, Juan Vicente"]
[Black "Alandete German, Lluis"]
[Result "1-0"]
[WhiteElo "2114"]
[BlackElo "1848"]
[PlyCount "29"]
[EventDate "2009.01.10"]
[EventType "team-tourn"]
[EventRounds "5"]
[EventCountry "ESP"]
[SourceTitle "EXT 2011"]
[Source "ChessBase"]
[SourceDate "2010.11.26"]
[SourceVersion "1"]
[SourceVersionDate "2010.11.26"]
[SourceQuality "1"]

1. e4 e6 2. d4 d5 3. Nc3 Bb4 4. e5 c5 5. a3 Bxc3+ 6. bxc3 Ne7 7. a4 Nbc6 8. Nf3 0-0 9. Bd3 Re8 10. Ng5 h6 11. Qh5 Ng6 12. Nxf7 Kxf7 13. Bxg6+ Kf8 14. Qf3+ Kg8 15. Qf7+ 1-0

[Event "Alzira-chT"]
[Site "Alzira"]
[Date "2003.10.25"]
[Round "3"]
[White "Frances Saez, Juan Vicente"]
[Black "Maqueda Guijarro, Bernardo"]
[Result "1-0"]
[WhiteElo "2081"]
[BlackElo "2065"]
[PlyCount "58"]
[EventDate "2003.10.04"]
[EventType "team"]
[EventRounds "7"]
[EventCountry "ESP"]
[SourceTitle "CBM 097 Extra"]
[Source "ChessBase"]
[SourceDate "2004.01.13"]
[SourceVersion "1"]
[SourceVersionDate "2004.01.13"]
[SourceQuality "1"]

1. e4 c5 2. Nf3 Nc6 3. d4 cxd4 4. Nxd4 Nf6 5. Nc3 e5 6. Ndb5 d6 7. Bg5 a6 8. Na3 b5 9. Bxf6 gxf6 10. Nd5 f5 11. c3 fxe4 12. Bxb5 Bd7 13. Be2 Bg7 14. Bg4 f5 15. Bh5+ Kf8 16. 0-0 Ne7 17. f3 Be6 18. fxe4 Bxd5 19. exd5 Qb6+ 20. Kh1 Rc8 21. Qd3 f4 22. Bg4 Rc7 23. Be6 Ke8 24. Nc4 Qc5 25. Nd2 Qb6 26. Ne4 Ng6 27. c4 Re7 28. b4 Nf8 29. c5 Qc7 1-0